Κατάλογος Βιβλιοθηκών Mediterranean College

The Failure of Success (Record no. 1064)

MARC details
000 -LEADER
fixed length control field 02340cam a22002054a 4500
005 - ΗΜΕΡΟΜΗΝΙΑ ΚΑΙ ΩΡΑ ΤΕΛΕΥΤΑΙΑΣ ΕΝΗΜΕΡΩΣΗΣ
Πεδίο ελέγχου 20250605163956.0
008 - FIXED-LENGTH DATA ELEMENTS--GENERAL INFORMATION
Πεδίο ελέγχου σταθερού μήκους 250528s ||||||||||||||||||||||||d
035 ## - SYSTEM CONTROL NUMBER
System control number 15485
020 ## - ISBN
ISBN 814453058
040 ## - ΠΗΓΗ ΚΑΤΑΛΟΓΟΓΡΑΦΗΣΗΣ
Φορέας πρωτότυπης καταλογογράφησης MC Athens Campus Library
Γλώσσα καταλογογράφησης Ελληνικά, Μοντέρνα (1453-)
Modifying agency MC Athens Campus Library
Κανόνες περιγραφικής καταλογογράφησης AACR2
245 1# - ΤΙΤΛΟΣ ΚΑΙ ΔΗΛΩΣΗ ΥΠΕΥΘΥΝΟΤΗΤΑΣ
Τίτλος The Failure of Success
260 ## - PUBLICATION, DISTRIBUTION, ETC.
Name of publisher, distributor, etc. Addison-Wesley Publishing Company,
Date of publication, distribution, etc. 1972
300 ## - PHYSICAL DESCRIPTION
Extent 346
505 0# - FORMATTED CONTENTS NOTE
Formatted contents note For the Puzzled Executive, Organizations and the Quality of Life, A Few Words in Advance, The Failure of Success, Imaginative New Ways to Create Satisfying Jobs, Organizational Stress and Individual Strain, Problems that Worry Executives, Harnessing the Skills of Behavioral Science, How it Works, The Effect of Participation on Performance, Managing Major Change, Releasing Human Potential, The Right Man in the Right Job, How a Scientific Assessment Center Works, Studying Careers and Assessing Ability, New Strategies for Motivating Employees, Feedback that Spurs Performance, Motivating the Factory Worker, Two Basic Techniques, Management by Objectives, How Sensitivity Training Works, Organization Development, Building an Organization for the Future, Humanistic Management in a Fast-Growing Company, Strengthening the Links in a Hotel Chain, Fueling Organizational Change at Jersey Standard, Selected Bibliography, Index.
520 ## - SUMMARY, ETC.
Summary, etc. For the Puzzled Executive, Organizations and the Quality of Life, A Few Words in Advance, The Failure of Success, Imaginative New Ways to Create Satisfying Jobs, Organizational Stress and Individual Strain, Problems that Worry Executives, Harnessing the Skills of Behavioral Science, How it Works, The Effect of Participation on Performance, Managing Major Change, Releasing Human Potential, The Right Man in the Right Job, How a Scientific Assessment Center Works, Studying Careers and Assessing Ability, New Strategies for Motivating Employees, Feedback that Spurs Performance, Motivating the Factory Worker, Two Basic Techniques, Management by Objectives, How Sensitivity Training Works, Organization Development, Building an Organization for the Future, Humanistic Management in a Fast-Growing Company, Strengthening the Links in a Hotel Chain, Fueling Organizational Change at Jersey Standard, Selected Bibliography, Index.
700 1# - ΠΡΟΣΘΕΤΗ ΑΝΑΓΡΑΦΗ--ΦΥΣΙΚΟ ΠΡΟΣΩΠΟ
Personal name Marrow J. Alfred
9 (RLIN) 1418
942 ## - ADDED ENTRY ELEMENTS (KOHA)
Koha item type Books
Holdings
Τύπος τεκμηρίου Βιβλιοθήκη Τρέχουσα τοποθεσία Barcode Αριθμός εισαγωγής Ημερομηνία απόκτησης Ταξιθετικό σύμβολο Αριθμός αντιτύπου Κατάσταση απόσυρσης Κατάσταση χαμένου Κατάσταση κατεστραμμένου Μη δανεισμός Σύνολο δανεισμών Ημερομηνία τελευταίας εμφάνισης Η τιμή ισχύει από
Books MC Athens Campus Library MC Athens Campus Library 9780000010636 1830 05/06/2025 658.3 MAR 1           05/06/2025 05/06/2025

MC Athens Campus Library
Πατησίων 94 & Κοδριγκτώνος 13, 104 34
Πελλήνης 8 & Πατησίων 107, 112 51
Τ: +30 210 8899600

MC Thessaloniki Campus Library
Ίωνος Δραγούμη 21, 54625 | Ίωνος Δραγούμη 15, 54625
Τ: +30 2310 287779 – Τ: +30 2314 440300